Framework for TQM performance measurement system (Record no. 46205)

000 -LEADER
fixed length control field 00423pab a2200169 454500
008 - FIXED-LENGTH DATA ELEMENTS--GENERAL INFORMATION
fixed length control field 180718b2000 xxu||||| |||| 00| 0 eng d
100 ## - MAIN ENTRY--PERSONAL NAME
Personal name Wali, Ayoob A.
245 ## - TITLE STATEMENT
Title Framework for TQM performance measurement system
260 ## - PUBLICATION, DISTRIBUTION, ETC.
Date of publication, distribution, etc. 2000
300 ## - PHYSICAL DESCRIPTION
Extent p.89-96
362 ## - DATES OF PUBLICATION AND/OR SEQUENTIAL DESIGNATION
Dates of publication and/or sequential designation Apr-Jun
650 ## - SUBJECT ADDED ENTRY--TOPICAL TERM
Topical term or geographic name entry element Total quality management
700 ## - ADDED ENTRY--PERSONAL NAME
Personal name Gupta, A.D.
700 ## - ADDED ENTRY--PERSONAL NAME
Personal name Deshmukh, S.G.
773 ## - HOST ITEM ENTRY
Main entry heading Productivity
909 ## -
-- 46205
Holdings
Withdrawn status Lost status Damaged status Not for loan Permanent Location Current Location Date acquired Serial Enumeration / chronology Barcode Date last seen Price effective from Koha item type
        Indian Institute of Public Administration Indian Institute of Public Administration 2018-07-19 Volume no: 41, Issue no: 1 AR46633 2018-07-19 2018-07-19 Articles

Powered by Koha